| 000 | 02047nam0a2200397 4500 | ||
|---|---|---|---|
| 001 | RU\NLR\bibl\1856819 | ||
| 005 | 20260407125726.0 | ||
| 010 |
_a978-5-8311-0590-2 _9200 |
||
| 021 |
_aRU _b2011-100858 _97222 |
||
| 035 | _a(nilc)LIBNET\0000210002 | ||
| 035 | _a(NLR Aleph) 001846745 | ||
| 090 |
_a2346510 _c2346510 |
||
| 100 | _a20120214d2011 |||y0rusy50 ca | ||
| 101 | 0 | _arus | |
| 102 | _aRU | ||
| 105 | _ay ||||||||| | ||
| 200 | 1 |
_aИнновации в строительстве и архитектуре _eмонография _e[сборник статей] _fФедер. гос. бюджет. образоват. учреждение высш. проф. образования "Владим. гос. ун-т им. А.Г. и Н.Г. Столетовых"[и др. _gредкол.: С.Н. Авдеев и др.] |
|
| 210 |
_aВладимир _cТранзит-Икс _d2011 |
||
| 215 |
_a220 с. _cил. _d20 |
||
| 300 | _aВ надзаг. также: Науч.-техн. о-во строителей России, Владим. отд. Рос. союза строителей, Междунар. акад. инвестиций и экономики стр-ва | ||
| 320 | _aБиблиогр. в конце ст. | ||
| 606 | 1 |
_aСтроительное дело _91024046 _3RU\NLR\auth\6674089 |
|
| 606 | 1 |
_aАрхитектура _9992079 _3RU\NLR\auth\6657014 |
|
| 686 |
_a38.11,021 _vLBC/RL _2rubbk |
||
| 686 | _aН | ||
| 686 | _aЩ11 | ||
| 702 | 1 |
_4340 _7ca _8rus _aАвдеев _bС. Н. _cканд. техн. наук _gСергей Николаевич _9101208 _3RU\NLR\auth\77118283 |
|
| 712 | 0 | 2 |
_4570 _aВладимирский государственный университет им. А. Г. и Н. Г. Столетовых _9437180 _3RU\NLR\AUTH\889970406 |
| 801 | 0 |
_aRU _bВладимирская ОУНБ _c20120214 _grcr |
|
| 801 | 1 |
_aRU _bВладимирская ОУНБ _c20120214 _grcr _2rusmarc |
|
| 801 | 2 |
_aRU _bNLR _c20120116 _grcr |
|
| 942 | _cBOOK | ||
| 980 | _aNB | ||
| 980 | _aNBR | ||